000 00739nam a22002177a 4500
003 NyNyJPI
005 20260414175529.0
008 260407b |||||||| |||| 00| 0 eng d
020 _a9788397640405
040 _cIJP
041 _apol
100 _aZych, Witold
245 _aNarodowy Pomnik Rzezi Wołyńskiej w Domostawie:
_bUroczystość odsłonięcia 14 lipca 2024 roku.
_cWitold Zych.
260 _aDomostawa,
_bSpołeczny Komitet Budowy Pomnika „Rzeź Wołyńska” w Domostawie,
_c2025.
300 _ap. 145, [15]:
_bill. :
_g30 cm.
650 _aPomniki
_zPolska, Domostawa
650 _aMasakry
_xhistoria
_y20 w.
_zUkraina
650 _aPamięć zbiorowa
_y21 w.
651 _a Domostawa
_xHistory
_zPolska
942 _2z
_cBK
_n0
999 _c91076
_d91076